000 00973nam a22001937a 4500
003 AM-YEHGA
040 _aAM-YeHGA
942 _2udc
_cBK
001 1759976
005 20250617160758.0
008 210309b1960 ru ||||| |||| 00| 0 rus d
041 0 _arus
245 0 0 _aБеспоплавковая система автоматики для сельскохозяйственных башенных водокаче :
_b(Руководство) /
_cСост. :Р.М. Славин и др.; Всесоюз. науч.-исслед. ин-т электрофикации сельского хозяйства (ВИЭСХ)
260 _aМосква :
_bОтд. техн. информации ВИЭСХа,
_c1960
300 _a19 с.
650 1 4 _aВодоснабжение
710 2 _aВсесоюзный научно-исследователский институт электрофикации сельского хозяйства (ВИЭСХ)
090 _c463298
999 _c460218
_d460218